000 01301cam a22003497a 4500
003 CHAP
005 20220329133503.0
008 971013s1992 r 00010 d
010 _a6941
011 _a7913
035 _a7138
040 _cCHAP
082 _a333.725498
_bS4
110 _aServicio Internacional para la Investigación Agrícola Nacional
_9105308
245 0 _aReview of the Bhutan national research system
_b: the renewable natural resource sector
_c/by ISNAR
260 _aThe Hague :
_bInternational Service for National Agricultural Research,
_c1992
300 _a133 p
_e+ apénd.
410 _aInternational Service for National Agricultural Research
490 0 _aR
_v; 53
590 _aBATCH-UPD
_b10
_c20130110
_lUCH01
_h2151
590 _aBATCH-UPD
_b10
_c20130410
_lUCH01
_h1459
590 _aBATCH-UPD
_b10
_c20130914
_lUCH01
_h1651
590 _aCONVERSION
_b10
_c20130109
_lUCH01
_h1305
650 1 4 _aAgricultura
_xInvestigacion
_xButan.
_91595
650 1 4 _aPolítica agrícola
_xBután.
_990294
650 1 4 _aRecursos naturales
_xBután.
_995212
810 0 0 _aInternational Service for National Agricultural Research
_959813
830 0 0 _aR
_v; 53
_993611
901 _aBK
942 _cLIBRO
949 _a333.725498 S4
_bBC
_cLIBRO
_d33724000333936
_eLIBRO
_h84515
_i7138
_mD
_si
999 _c6941
_d6941